000 00738nam a2200229Ia 4500
001 dia_4049
003 OSt
005 20221028102826.0
008 220601s9999 xx 000 0 und d
040 _amxchpua
090 _aFOLLETO 2373
100 _aSistema nacional para el abasto. México
_9147856
245 _aCentrales de abasto, modulos de abasto y mercados de venta al detalle / Sistema nacional para el abasto. México
260 _aMéxico : Sistema nacional para el abasto
300 _a28 p.
500 _aS/c
650 _a1. Alimentos-Abastecimiento2. MercadosÌ
_9175707
901 _aFOLLETO 2373
902 _aM
905 _a0000001984 mx 0000000000spa00
942 _cFOLL
_2local
999 _c209265
_d209265